Surfactant- Based Separation Processes / (Record no. 561823)

000 -LEADER
fixed length control field 00436nam a2200133Ia 4500
008 - FIXED-LENGTH DATA ELEMENTS--GENERAL INFORMATION
fixed length control field 210430s9999 xx 000 0 und d
020 ## - INTERNATIONAL STANDARD BOOK NUMBER
International Standard Book Number 0-8247-7929-0
082 ## - DEWEY DECIMAL CLASSIFICATION NUMBER
Classification number 660.39 M239 S
100 ## - MAIN ENTRY--PERSONAL NAME
Personal name John F.Scamehorn, Jeffrey H. Harwell
9 (RLIN) 127089
245 ## - TITLE STATEMENT
Title Surfactant- Based Separation Processes /
Statement of responsibility, etc. John F.Scamehorn
Remainder of title (surfactant science series V-33)
260 ## - PUBLICATION, DISTRIBUTION, ETC.
Place of publication, distribution, etc. New york
Name of publisher, distributor, etc. Marcel Dekker,inc.
Date of publication, distribution, etc. 1989
300 ## - PHYSICAL DESCRIPTION
Extent 342p
942 ## - ADDED ENTRY ELEMENTS (KOHA)
Koha item type Book
Source of classification or shelving scheme
Holdings
Withdrawn status Lost status Damaged status Not for loan Collection code Permanent Location Current Location Shelving location Date acquired Total Checkouts Full call number Barcode Date last seen Price effective from Koha item type
          School of Chemical & Materials Engineering (SCME) School of Chemical & Materials Engineering (SCME) General Stacks 04/11/7   660.39 M239 S SCME-659 04/30/2021 04/30/2021 Book
© 2023 Central Library, National University of Sciences and Technology. All Rights Reserved.